10 Ten years: 1989 - 1998 /
Guardado en:
| Autores Corporativos: | , |
|---|---|
| Format: | Texto |
| Udgivet: |
Barcelona:
Universidad de Barcelona
|
| Tags: |
Tilføj Tag
Ingen Tags, Vær først til at tagge denne postø!
|
MARC
| LEADER | 00000 a a2200000 04500 | ||
|---|---|---|---|
| 001 | 28944 | ||
| 003 | |||
| 040 | |||
| 090 | |a 185200 |b RECURSO ELECTRONICO | ||
| 110 | |a Institute de Ciències Polítiques i Socials | ||
| 245 | |a 10 Ten years: 1989 - 1998 / |c Institute de Ciències Polítiques i Socials | ||
| 260 | |a Barcelona: |b Universidad de Barcelona | ||
| 500 | |a Incluye las publicaciones en Inglés y catalán. Contenido: Greetings. -- Organisation and Staff. -- Activities. -- Editions. -- Contributions. -- Others | ||
| 710 | |a ICPS | ||
| 999 | |c 13205 |d 13205 | ||
